Levinas et l'exception du soi : Ontologie et éthique (notice n° 2024296)
[ vue normale ]
| 000 -LEADER | |
|---|---|
| fixed length control field | 01230cam a2200133 4500500 |
| 005 - DATE AND TIME OF LATEST TRANSACTION | |
| control field | 20260329070028.0 |
| 041 ## - LANGUAGE CODE | |
| Language code of text/sound track or separate title | fre |
| 042 ## - AUTHENTICATION CODE | |
| Authentication code | dc |
| 100 10 - MAIN ENTRY--PERSONAL NAME | |
| Personal name | Calin, Rodolphe |
| Relator term | author |
| 245 00 - TITLE STATEMENT | |
| Title | Levinas et l'exception du soi : Ontologie et éthique |
| 260 ## - PUBLICATION, DISTRIBUTION, ETC. | |
| Name of publisher, distributor, etc. | Presses Universitaires de France,<br/> |
| Date of publication, distribution, etc. | 2005.<br/> |
| 520 ## - SUMMARY, ETC. | |
| Summary, etc. | Levinas n’est pas le premier ni le seul penseur à avoir eu le souci de décrire la subjectivité pour elle-même et à partir d’elle-même. Cette subjectivation, toujours à reprendre, Levinas l’aura envisager lui-même doublement, en deux lieux distincts, l’ontologie et l’éthique. L’ontologie dans la mesure où elle se propose de déduire la signification de l’étant subjectif dans l’être, l’éthique dans la mesure où elle pense l’unicité du moi à partir de la responsabilité pour autrui. L’ontologie et l’éthique sont, pour Levinas,deux figures de l’egologie, elles décrivent deux manières d’être soi. Pour le comprendre l’auteur rétablit les rapports souvent oubliés entre Levinas et Husserl, Heidegger, Sartre, Merleau-Ponty et Henry. |
| 856 41 - ELECTRONIC LOCATION AND ACCESS | |
| Uniform Resource Identifier | <a href="https://shs.cairn.info/levinas-et-l-exception-du-soi--9782130543770?lang=fr&redirect-ssocas=7080">https://shs.cairn.info/levinas-et-l-exception-du-soi--9782130543770?lang=fr&redirect-ssocas=7080</a> |
Pas d'exemplaire disponible.




Réseaux sociaux